1827 1646 1018 1265 1984 1055 1800 1877 1968 1882 1734 1922 1203 1516 1518 1606 1387 1031 1559 1141 1908 1832 1989 1957 1727 1079 1665 1162 1939 1735 1580 1803 1592 1373 1130 1694 1711 1746 1232 1657 1540 1420 1737 1071 1261 1132 1146 1809 1769 1889 1696 1938 1107 1106 1385 1299 1499 1129 1301 1911 1007 1404 1978 1893 1394 1646 1364 1496 1266 1812 1366 1577 1831 1099 1908 1695 1053 1070 1311 1777 1745 1795 1005 1581 1895 1925 1505 1125 1207 1467 1235 1029 1261 1320 1062 1277 1520 1917 1364 BCNSPRNW ULIB Ver.6.0+V

เปลี่ยนเป็นภาษาไทย

Change to English
 แสดงรายละเอียดบรรณานุกรม
  กลับหน้าหลัก

Brief Record : Get Marc (ISO 2709) : E-mail record : QR code < ปิดหน้าต่าง
LEADER : 00000nam 2200000uu 4500
001    13399113485
003     ULIB
008    111121s2551||||th 000 0 tha d
020    ^a9789740537960
090    ^aนว.^bน190ว 2551
100 0  ^aนภชล
245 00 ^aความรู้สึกดีที่เรียกว่ารัก : ต่างมุมรัก/^cนภชล
250    ^aพิมพ์ครั้งที่ 2
260    ^aกรุงเทพฯ :^bแจ่มใส,^c2551
300    ^a299 หน้า
710 1  ^aแจ่มใส
945    ^p189^l0^i15028
995    ^aกัณชพร
999    ^aใช้งานได้ทุกระบบ
รายการนี้ยังไม่มีแท็ก
คุณยังไม่ได้ล็อกอิน คุณสามารถมีกิจกรรมร่วมกับเว็บไซต์ได้ แต่ต้องล็อกอินก่อน ::
  ล็อกอิน

รายการสื่อสารสนเทศ

ลำดับที่ ประเภท เลขเรียก/บาร์โค้ด สถานที่ สถานะ
1. นวนิยาย
นวนิยาย
นว. น190ว 2551  
  Barcode: 15028
ห้องสมุดวิทยาเขตสวรรค์ประชารักษ์
►นวนิยาย
บนชั้น
  ขอยืม

รายการใกล้เคียง
    ผู้แต่ง [นภชล]

BibComment


ยังไม่เคยถูกคอมเมนท์

คอมเมนท์ทรัพยากรรายการนี้
  คอมเมนท์: ความรู้สึกดีที่เ..


 Copyright 2026. Bcnsprnw @Library